000 00659cas a2200193 a 4500
001 000013227
003 DO-SdBNP
005 20251022113032.0
008 980922s2000 cl s 0 0 00d
040 _aDO-SdBNP
_bspa
_cBNPHU
082 4 _axxxx
_bxxx
245 0 0 _aEstudio económico de América Latina y el Caribe :
_b1999-2000
260 _aSantiago de Chile :
_bCEPAL,
_c2000.
300 _a352 p. ;
_c27 cm.
651 4 _aAmérica Latina
_xCondiciones económicas
_y1982-
_985107
651 0 _aCaribe (Región)
_xCondiciones económicas
_y1945-
_987401
710 0 2 _a Naciones Unidas.
_bComisión Económica para América Latina
_93104
942 _2ddc
_cLBS1
999 _c12859
_d12859